Seeds of sustainability : Lessons from the Birthplace of the Green Revolution
Seeds of Sustainability is a groundbreaking analysis of agricultural development and transitions toward more sustainable management in one region. An invaluable resource for researchers, policymakers, and students alike, it examines new approaches to make agricultural landscapes healthier for both t...
Đã lưu trong:
| 格式: | 圖書 |
|---|---|
| 語言: | Undetermined |
| 出版: |
London
Island Press
2011
|
| 主題: | |
| 標簽: |
添加標簽
沒有標簽, 成為第一個標記此記錄!
|
| Thư viện lưu trữ: | Trung tâm Học liệu Trường Đại học Cần Thơ |
|---|
| LEADER | 00993nam a2200229Ia 4500 | ||
|---|---|---|---|
| 001 | CTU_209787 | ||
| 008 | 210402s9999 xx 000 0 und d | ||
| 020 | |c 45.00 | ||
| 082 | |a 631.58 | ||
| 082 | |b S451 | ||
| 245 | 0 | |a Seeds of sustainability : | |
| 245 | 0 | |b Lessons from the Birthplace of the Green Revolution | |
| 245 | 0 | |c Pamela A. Matson (Edited by) | |
| 260 | |a London | ||
| 260 | |b Island Press | ||
| 260 | |c 2011 | ||
| 520 | |a Seeds of Sustainability is a groundbreaking analysis of agricultural development and transitions toward more sustainable management in one region. An invaluable resource for researchers, policymakers, and students alike, it examines new approaches to make agricultural landscapes healthier for both the environment and people. | ||
| 650 | |a Sustainable agriculture | ||
| 650 | |x Nông nghiệp bền vững | ||
| 650 | |z Mexico,Mexico | ||
| 904 | |i Huỳnh Nhựt Tân, Tuyến | ||
| 980 | |a Trung tâm Học liệu Trường Đại học Cần Thơ | ||